| 000 | 00548nam a22001937a 4500 | ||
|---|---|---|---|
| 005 | 20161110120649.0 | ||
| 010 | _aENG-116368 | ||
| 020 |
_a9788184303476 _c500.00 |
||
| 035 | _aEN-99900 | ||
| 037 | _bDBAD/PUB | ||
| 082 | _a327.17470954 | ||
| 100 | _aGhatate,N.M. | ||
| 245 |
_aIndia disarmament policy / _cby Ghatate,N.M. |
||
| 260 |
_aNew Delhi _bOcean Books _c2016 |
||
| 270 |
_a4/19, Asaf Ali Road, _bNew Delhi _e110002 |
||
| 300 |
_a304p. _c22cm(Hb) |
||
| 500 | _aIncludes index | ||
| 942 |
_2ddc _cEN _h327.17470954 _mGHA |
||
| 999 |
_c104380 _d104380 |
||